Statistics for Most Used Instant Messengers

Click here to take the quiz!

General Stats

  • This quiz has been taken 11 times
  • The average score is 3 of 22

Answer Stats

Usage (as of date)Answer% Correct
900 million active users (April 2016)Facebook Messenger
82%
1200 million monthly active users (January 2017)Whatsapp
82%
100 million monthly active users (2016)Telegram
45%
34 million peak online (February 2012), 560 million total (April 2010)Skype
36%
889 million users (2016)WeChat
27%
140 million users (June 2012)iMessage
18%
217 million monthly active users (2016)Line
18%
176+ million peak online users, 840+ million "active" (Q2 2009)QQ
18%
11 million total users (July 2014)ICQ
9%
22 million users (Unknown)Yahoo! Messenger
9%
2.2 million active users (February 2015)AIM
0%
91 million total users (October 2014)Blackberry Messenger
0%
25 million users (December 2016)Discord
0%
250 million users (September 2011)eBuddy
0%
6.5 million users active daily (majority in Poland) (June 2010)Gadu-Gadu
0%
15 million (enterprise) users (Unknown)IBM Sametime
0%
1 million users (June 2007)IMVU
0%
7.4 million monthly subscribers (majority in South Africa) (July 2013)MXit
0%
5.5 million monthly unique usersPaltalk
0%
330 million active monthly (June 2009)Windows Live Messenger
0%
24 million registered users (January 2014)Xfire
0%
1200+ million (September 2011)XMPP
0%

Score Distribution

Percentile by Number Answered

Percent of People with Each Score

Your Score History

You have not taken this quiz